| 000 | 00961nac a22003017a 4500 | ||
|---|---|---|---|
| 001 | BR7803699 | ||
| 003 | BR-BrBNA | ||
| 005 | 20240105114238.0 | ||
| 008 | 230509b bl.|||m| |||| 00| 0 por d | ||
| 040 |
_aBR-BrBNA _bpor _cBiblioteca Nacional de Agricultura |
||
| 072 | _aE70; E10 | ||
| 090 | _a2400 BR7803699 | ||
| 110 | 1 |
_aSuperintendencia da Borracha, Rio de Janeiro, RJ (Brasil) _910023 |
|
| 245 | 1 | _aRelatorio de atividades/1978 [Superintendencia da Borracha; Mercado; Industrializacao; Brasil] | |
| 260 | 3 |
_aRio de Janeiro, RJ (Brasil): _c1978. |
|
| 300 | _a72 p. | ||
| 490 |
_aRelatorio - Superintendencia da Borracha (Brazil) _v _x |
||
| 500 | _a39 tables | ||
| 650 | _aComercializacao | ||
| 650 | _aMacroeconomia | ||
| 650 | _aBorracha | ||
| 650 | _aMercado | ||
| 650 | _aIndustrializacao | ||
| 650 | _aIncentivo fiscal | ||
| 650 | _aLegislacao economica | ||
| 909 |
_a202312 _bLúcia Elande _c55 _dLúcia Elande |
||
| 942 |
_2AGRIS _n0 _cMS |
||
| 999 |
_c268236 _d268236 |
||